000 00926nam a22002897a 4500
003 CHAP
005 20220329134125.0
008 971013s1974 r 00010 d
010 _a15744
011 _a16716
035 _a20798
040 _cCHAP
082 _a632.95
_bG8
100 0 0 _aGuenzi, W. D.
_951103
245 _aPesticides in soil and water
260 _aMadison, Wis., :
_bSoil Science Society of America,
_c1974
300 _a562 p.
_b: ilus. ; gráfs
590 _aBATCH-UPD
_b10
_c20130110
_lUCH01
_h0939
590 _aCONVERSION
_b10
_c20130109
_lUCH01
_h1310
650 1 4 _aPesticidas.
_987536
650 1 4 _aPesticidas
_xEfecto en agua.
_987545
650 1 4 _aPesticidas
_xEfecto en suelos.
_987554
901 _aBK
942 _cLIBRO
949 _a632.95 G8
_bBC
_cLIBRO
_d33724000186136
_eLIBRO
_h50097
_i20798
_si
_t322.00
949 _a632.95 G8
_bBC
_cLIBRO
_d33724000186144
_eLIBRO
_fc.2
_h50098
_i20798
_si
_t322.00
999 _c15744
_d15744